Люминесценция поверхности твердых тел, инициируемая предадсорбированными атомами кислорода; Известия Томского политехнического университета [Известия ТПУ]; Т. 314, № 2: Математика и механика. Физика
| Parent link: | Известия Томского политехнического университета [Известия ТПУ]/ Томский политехнический университет (ТПУ).— , 2000- Т. 314, № 2: Математика и механика. Физика.— 2009.— [С. 125-131] |
|---|---|
| Diğer Yazarlar: | , , , , , |
| Özet: | Заглавие с титульного листа Электронная версия печатной публикации Приводятся результаты изучения люминесценции, возбуждаемой при напуске молекулярных газов O2, N2O и CO на поверхность кристаллофосфора Zn2SiO4:Mn, предварительно заполненную атомами кислорода. Дана интерпретация этого явления в модели ускорения поверхностной гетерогенной рекомбинации атомов кислорода в образующемся адсорбционном слое кислородсодержащих молекул O2, N2O, CO по обменно-ассоциативному механизму. |
| Dil: | Rusça |
| Baskı/Yayın Bilgisi: |
2009
|
| Seri Bilgileri: | Математика и механика. Физика |
| Konular: | |
| Online Erişim: | http://www.lib.tpu.ru/fulltext/v/Bulletin_TPU/2009/v314/i2/28.pdf |
| Materyal Türü: | MixedMaterials Elektronik Kitap Bölümü |
| KOHA link: | https://koha.lib.tpu.ru/cgi-bin/koha/opac-detail.pl?biblionumber=174389 |
MARC
| LEADER | 00000nla2a2200000 4500 | ||
|---|---|---|---|
| 001 | 174389 | ||
| 005 | 20240208105939.0 | ||
| 035 | |a (RuTPU)RU\TPU\book\189104 | ||
| 035 | |a RU\TPU\book\189101 | ||
| 090 | |a 174389 | ||
| 100 | |a 20100126d2009 k y0rusy50 ca | ||
| 101 | 0 | |a rus | |
| 102 | |a RU | ||
| 135 | |a drnn ---uucaa | ||
| 181 | 0 | |a i | |
| 182 | 0 | |a b | |
| 200 | 1 | |a Люминесценция поверхности твердых тел, инициируемая предадсорбированными атомами кислорода |f Ю. И. Тюрин [и др.] | |
| 203 | |a Текст |c электронный | ||
| 215 | |a 1 файл (345 Кб) | ||
| 225 | 1 | |a Математика и механика. Физика | |
| 300 | |a Заглавие с титульного листа | ||
| 300 | |a Электронная версия печатной публикации | ||
| 320 | |a [Библиогр.: с. 131 (11 назв.)] | ||
| 330 | |a Приводятся результаты изучения люминесценции, возбуждаемой при напуске молекулярных газов O2, N2O и CO на поверхность кристаллофосфора Zn2SiO4:Mn, предварительно заполненную атомами кислорода. Дана интерпретация этого явления в модели ускорения поверхностной гетерогенной рекомбинации атомов кислорода в образующемся адсорбционном слое кислородсодержащих молекул O2, N2O, CO по обменно-ассоциативному механизму. | ||
| 337 | |a Adobe Reader | ||
| 461 | 1 | |0 (RuTPU)RU\TPU\book\176237 |t Известия Томского политехнического университета [Известия ТПУ] |f Томский политехнический университет (ТПУ) |d 2000- | |
| 463 | 1 | |0 (RuTPU)RU\TPU\book\188988 |x 1684-8519 |t Т. 314, № 2: Математика и механика. Физика |v [С. 125-131] |d 2009 |p 187 с. | |
| 610 | 1 | |a поверхности | |
| 610 | 1 | |a люминесценция | |
| 610 | 1 | |a адсорбция | |
| 610 | 1 | |a атомы | |
| 610 | 1 | |a рекомбинация | |
| 610 | 1 | |a твердые тела | |
| 610 | 1 | |a труды учёных ТПУ | |
| 610 | 1 | |a электронный ресурс | |
| 701 | 1 | |a Тюрин |b Ю. И. |c физик |c профессор Томского политехнического университета, доктор физико-математических наук |f 1950- |g Юрий Иванович |3 (RuTPU)RU\TPU\pers\19873 |9 7810 | |
| 701 | 1 | |a Шигалугов |b С. Х. | |
| 701 | 1 | |a Емельянов |b В. Н. | |
| 701 | 1 | |a Катаев |b А. Н. | |
| 701 | 1 | |a Маловичко |b Ю. В. | |
| 701 | 1 | |a Плотникова |b Е. Ю. |c аспирант каф. общей физики (ОФ) ЕНМФ, ТПУ |g Евгения Юрьевна |3 (RuTPU)RU\TPU\pers\25588 | |
| 801 | 1 | |a RU |b 63413507 |c 20090623 |g PSBO | |
| 801 | 2 | |a RU |b 63413507 |c 20140224 |g PSBO | |
| 856 | 4 | |u http://www.lib.tpu.ru/fulltext/v/Bulletin_TPU/2009/v314/i2/28.pdf | |
| 942 | |c CF | ||